<?xml version="1.0" encoding="UTF-8"?><?xml-stylesheet type="text/xsl" href="static/style.xsl"?><OAI-PMH xmlns="http://www.openarchives.org/OAI/2.0/" xmlns:xsi="http://www.w3.org/2001/XMLSchema-instance" xsi:schemaLocation="http://www.openarchives.org/OAI/2.0/ http://www.openarchives.org/OAI/2.0/OAI-PMH.xsd"><responseDate>2026-04-28T19:50:42Z</responseDate><request verb="GetRecord" identifier="oai:uvadoc.uva.es:10324/72528" metadataPrefix="marc">https://uvadoc.uva.es/oai/request</request><GetRecord><record><header><identifier>oai:uvadoc.uva.es:10324/72528</identifier><datestamp>2025-03-26T19:10:05Z</datestamp><setSpec>com_10324_1188</setSpec><setSpec>com_10324_931</setSpec><setSpec>com_10324_894</setSpec><setSpec>col_10324_1413</setSpec></header><metadata><record xmlns="http://www.loc.gov/MARC21/slim" xmlns:doc="http://www.lyncode.com/xoai" xmlns:xsi="http://www.w3.org/2001/XMLSchema-instance" xmlns:dcterms="http://purl.org/dc/terms/" xsi:schemaLocation="http://www.loc.gov/MARC21/slim http://www.loc.gov/standards/marcxml/schema/MARC21slim.xsd">
<leader>00925njm 22002777a 4500</leader>
<datafield tag="042" ind1=" " ind2=" ">
<subfield code="a">dc</subfield>
</datafield>
<datafield tag="720" ind1=" " ind2=" ">
<subfield code="a">Hamodi Galán, Carolina Martina</subfield>
<subfield code="e">author</subfield>
</datafield>
<datafield tag="720" ind1=" " ind2=" ">
<subfield code="a">Andrés Corredor, Belén</subfield>
<subfield code="e">author</subfield>
</datafield>
<datafield tag="720" ind1=" " ind2=" ">
<subfield code="a">Contreras Contreras, Claudia</subfield>
<subfield code="e">author</subfield>
</datafield>
<datafield tag="260" ind1=" " ind2=" ">
<subfield code="c">2024</subfield>
</datafield>
<datafield tag="520" ind1=" " ind2=" ">
<subfield code="a">Este  artículo  plantea  como  objetivo  analizar  el  proceso  de  institucionalización  de  la  lucha  contra  el  acoso  sexual  y  la  promoción  de  la  igualdad  de  género  en  la  Universidad  Austral  de  Chile,  una  de  las  pioneras en ese país en abordar este tema. Se realizó un estudio de caso único mediante entrevistas a colaboradores/as. Se identificaron los avances (creación de comités, diagnósticos, etcétera), pero también se señalan los retos pendientes. Los resultados pueden proporcionar aportes para otras instituciones que enfrentan  estos  desafíos,  contribuir  a  comprender  qué  estrategias  son  más  efectivas  y  qué  obstáculos  deben superarse.</subfield>
</datafield>
<datafield tag="024" ind2=" " ind1="8">
<subfield code="a">Hamodi, C., Andrés-Corredor, B., &amp; Contreras-Contreras, C. . (2024). La institucionalización contra el acoso sexual en la Universidad Austral de Chile. Revista Iberoamericana De Educación Superior, 15(43), 3–25. https://doi.org/10.22201/iisue.20072872e.2024.43.1600</subfield>
</datafield>
<datafield tag="024" ind2=" " ind1="8">
<subfield code="a">2007 2872</subfield>
</datafield>
<datafield tag="024" ind2=" " ind1="8">
<subfield code="a">https://uvadoc.uva.es/handle/10324/72528</subfield>
</datafield>
<datafield tag="024" ind2=" " ind1="8">
<subfield code="a">10.22201/iisue.20072872e.2024.43.1600</subfield>
</datafield>
<datafield tag="024" ind2=" " ind1="8">
<subfield code="a">3</subfield>
</datafield>
<datafield tag="024" ind2=" " ind1="8">
<subfield code="a">43</subfield>
</datafield>
<datafield tag="024" ind2=" " ind1="8">
<subfield code="a">25</subfield>
</datafield>
<datafield tag="024" ind2=" " ind1="8">
<subfield code="a">La institucionalización contra el acoso sexual  en la Universidad Austral de Chile</subfield>
</datafield>
<datafield tag="024" ind2=" " ind1="8">
<subfield code="a">XV</subfield>
</datafield>
<datafield tag="245" ind1="0" ind2="0">
<subfield code="a">La institucionalización contra el acoso sexual en la Universidad Austral de Chile</subfield>
</datafield>
</record></metadata></record></GetRecord></OAI-PMH>